000 00352nam a2200121Ia 4500
008 240731s9999 xx 000 0 und d
022 _a1556-7230
245 0 _aEnergy Sources, Part A: Recovery, Utilization, and Environmental Effects
260 _bTaylor & Francis
856 _uhttps://www.tandfonline.com/loi/ueso20
942 _2ddc
942 _cTFEJ
999 _c76416
_d76416
945 _a1
_bMadushi Gamage
_c1
_dMadushi Gamage